00342nam a22001337a 4500003000700000005001700007008004100024082002100065100003200086245001900118260003700137300000800174650002600182MPLRDC20220104142822.0210129b ||||| |||| 00| 0 eng d a051.5232 SD 1991 a国立台湾师范大学编 a师大概况c ab国立台湾师范大学c1991 b平 a学术纪要、学刊